Guess the Movies by Scenes - Statistics

General Stats
  • This quiz has been taken 69 times
  • The average score is 5 of 20
Answer Stats
Picture Answer % Correct
Back To The Future
97%
Inception
51%
Barbie
49%
Matilda
42%
The Terminator
42%
Love Actually
40%
John Wick
37%
The Pianist
37%
Willy Wonka & The Chocolate Factory
28%
Cruella
20%
Superbad
17%
Annie Hall
15%
Carrie
15%
Bicentennial Man
14%
Footloose
12%
Triangle Of Sadness
11%
The Fifth Element
8%
The Wicker Man
6%
Racing Bull
5%
The Merchant Of Venecia
3%
No matching quizzes found
Score Distribution
Percent of People with Each Score
Percentile by Number Answered
Your Score History
You have not taken this quiz